000 00872nam a2200241Ia 4500
003 OSt
005 20220923225423.0
006 a|||||r|||| 00| 0
007 ta
008 220922b |||||||| |||| 00| 0 san d
024 _a267,548
037 _cTextual
040 _aARTS
_cARTS
_bsan
041 _2san
_asan
082 _aR693xD90:2, 152L2
100 _aअमृत चन्द्र
_9156291
245 0 _aपुरुषार्थसिद्धि उपाय, अनु गंभीरचन्द जैन
246 _aPuruṣhārthasiddhi upāya, anu ganbhīrachanda jaina
260 _aसोनगढ़
_b श्री दिगम्बर जैन स्वाध्याय
_c1972
300 _a200पृ0
_ccm.
942 _hR693xD90:2, 152L2
_cTEXL
_2CC
999 _c378185
_d378185